Pastoral care of the sick : (Record no. 129205)
[ view plain ]
| 000 -LEADER | |
|---|---|
| fixed length control field | 01400cam a2200313 a 4500 |
| 001 - CONTROL NUMBER | |
| control field | 2371877 |
| 003 - CONTROL NUMBER IDENTIFIER | |
| control field | ARRUPE |
| 005 - DATE AND TIME OF LATEST TRANSACTION | |
| control field | 20190314093851.0 |
| 008 - FIXED-LENGTH DATA ELEMENTS--GENERAL INFORMATION | |
| fixed length control field | 840124s1983 nyu 000 0 eng |
| 010 ## - LIBRARY OF CONGRESS CONTROL NUMBER | |
| LC control number | 84108251 |
| 040 ## - CATALOGING SOURCE | |
| Original cataloging agency | DLC |
| Transcribing agency | DLC |
| Modifying agency | DLC |
| 050 00 - LIBRARY OF CONGRESS CALL NUMBER | |
| Classification number | BX2290 |
| Item number | .P293 |
| 082 00 - DEWEY DECIMAL CLASSIFICATION NUMBER | |
| Classification number | 264/.027 |
| Edition number | 19 |
| 300 ## - PHYSICAL DESCRIPTION | |
| Dimensions | 23 cm. |
| 110 2# - MAIN ENTRY--CORPORATE NAME | |
| Corporate name or jurisdiction name as entry element | Catholic Church. |
| 9 (RLIN) | 45225 |
| 245 10 - TITLE STATEMENT | |
| Title | Pastoral care of the sick : |
| Remainder of title | rites of anointing and viaticum / |
| Statement of responsibility, etc | prepared by International Commission on English in the Liturgy. |
| 260 ## - PUBLICATION, DISTRIBUTION, ETC. (IMPRINT) | |
| Place of publication, distribution, etc | London : |
| Name of publisher, distributor, etc | Veritas Publications, |
| Date of publication, distribution, etc | c1983. |
| 300 ## - PHYSICAL DESCRIPTION | |
| Extent | 340 p. ; |
| 490 1# - SERIES STATEMENT | |
| Series statement | The Roman ritual |
| 500 ## - GENERAL NOTE | |
| General note | "Approved for use in the dioceses of the United States of America by the National Conference of Catholic Bishops and confirmed by the Apostolic See." |
| 500 ## - GENERAL NOTE | |
| General note | Based on the Latin Ordo unctionis infirmorum eorumque pastoralis curae of 1972. |
| 500 ## - GENERAL NOTE | |
| General note | Scriptural texts in the New American Bible version. |
| 610 20 - SUBJECT ADDED ENTRY--CORPORATE NAME | |
| Corporate name or jurisdiction name as entry element | Catholic Church |
| General subdivision | Rituals |
| -- | Anointing of the sick |
| 9 (RLIN) | 45226 |
| 650 ## - SUBJECT ADDED ENTRY--TOPICAL TERM | |
| Topical term or geographic name as entry element | Church work with the sick |
| 9 (RLIN) | 18717 |
| 710 2# - ADDED ENTRY--CORPORATE NAME | |
| Corporate name or jurisdiction name as entry element | International Commission on English in the Liturgy. |
| 9 (RLIN) | 45227 |
| 710 2# - ADDED ENTRY--CORPORATE NAME | |
| Corporate name or jurisdiction name as entry element | Catholic Church. |
| Title of a work | Ordo unctionis infirmorum eorumque pastoralis curae. |
| 9 (RLIN) | 45228 |
| 810 2# - SERIES ADDED ENTRY--CORPORATE NAME | |
| Corporate name or jurisdiction name as entry element | Catholic Church. |
| Title of a work | Roman ritual (New York, N.Y.) |
| 9 (RLIN) | 45229 |
| 906 ## - LOCAL DATA ELEMENT F, LDF (RLIN) | |
| a | 7 |
| b | cbc |
| c | orignew |
| d | 2 |
| e | ncip |
| f | 19 |
| g | y-gencatlg |
| 942 ## - ADDED ENTRY ELEMENTS (KOHA) | |
| Source of classification or shelving scheme | Library of Congress Classification |
| Koha item type | Monograph ( Printed materials) |
| Withdrawn status | Lost status | Source of classification or shelving scheme | Damaged status | Not for loan | Collection code | Home library | Current library | Shelving location | Date acquired | Total Checkouts | Full call number | Barcode | Date last seen | Price effective from | Koha item type |
|---|---|---|---|---|---|---|---|---|---|---|---|---|---|---|---|
| Library of Congress Classification | Main Collection | ARRUPE LIBRARY | ARRUPE LIBRARY | Main Collection | 14/03/2019 | BX2290 .P293 | 46600004216 | 14/03/2019 | 14/03/2019 | Monograph ( Printed materials) |